[Event "4NCL Division 2c"]
[Site "Hinckley Island ENG"]
[Date "2015.05.04"]
[Round "11.211"]
[White "O'Toole, George E"]
[Black "Bauer, Christian"]
[Result "0-1"]
[WhiteElo "2203"]
[BlackElo "2624"]
[PlyCount "90"]
[EventDate "2015.05.04"]
[WhiteTeam "Barbican 4NCL Youth"]
[BlackTeam "3Cs"]

1. e4 Nc6 2. d4 e5 3. Nf3 exd4 4. Bc4 d6 5. Nxd4 g6 6. Nc3 Bg7 7. Be3 Nf6 8.
Qd2 O-O 9. O-O-O Re8 10. f3 Ne5 11. Be2 a6 12. Bh6 Bxh6 13. Qxh6 b5 14. h4 c5
15. Nb3 b4 16. Nd5 Nxd5 17. Rxd5 Be6 18. Rdd1 Qe7 19. Kb1 a5 20. Qd2 a4 21. Nc1
a3 22. b3 Qf6 23. c4 bxc3 24. Qxc3 c4 25. Rxd6 cxb3 26. Nxb3 Rec8 27. Qd4 Rd8
28. Rxd8+ Rxd8 29. Qc3 Rc8 30. Qd4 Bxb3 31. axb3 a2+ 32. Ka1 Rc2 33. f4 Qxf4
34. Rf1 Qg3 35. Bc4 h5 36. Rd1 Nxc4 37. bxc4 Qxh4 38. c5 Qe7 39. Qd6 Qf8 40.
Qf6 Qg7 41. e5 Rxc5 42. Rd8+ Kh7 43. Rd7 Qxf6 44. exf6 g5 45. Rxf7+ Kg6 0-1

[Event "4NCL Division 2c"]
[Site "Hinckley Island ENG"]
[Date "2015.05.04"]
[Round "11.212"]
[White "Gordon, Stephen J"]
[Black "Stewart, Ashley"]
[Result "1-0"]
[WhiteElo "2493"]
[BlackElo "2061"]
[PlyCount "47"]
[EventDate "2015.05.04"]
[WhiteTeam "3Cs"]
[BlackTeam "Barbican 4NCL Youth"]

1. d4 Nf6 2. Bg5 d5 3. e3 Nbd7 4. Nf3 g6 5. c4 Bg7 6. cxd5 Nxd5 7. e4 N5b6 8.
Nc3 c5 9. d5 Ne5 10. Nxe5 Bxe5 11. a4 Bd7 12. Be2 O-O 13. h4 Nc8 14. h5 Nd6 15.
Qc2 Re8 16. hxg6 hxg6 17. f4 Bg7 18. e5 Nf5 19. g4 Nd4 20. Qd3 Qb6 21. Qh3 Qxb2
22. Qh7+ Kf8 23. Bh6 Qxa1+ 24. Kf2 1-0

[Event "4NCL Division 2c"]
[Site "Hinckley Island ENG"]
[Date "2015.05.04"]
[Round "11.213"]
[White "Brett, Andrew"]
[Black "Abbas, Daniel"]
[Result "0-1"]
[WhiteElo "2110"]
[BlackElo "2260"]
[PlyCount "40"]
[EventDate "2015.05.04"]
[WhiteTeam "Barbican 4NCL Youth"]
[BlackTeam "3Cs"]

1. e4 c5 2. Nf3 e6 3. d4 cxd4 4. Nxd4 Nc6 5. Nc3 Qc7 6. Be3 Nf6 7. Be2 a6 8.
O-O Bb4 9. Nxc6 bxc6 10. Qd4 c5 11. Qd3 O-O 12. Bg5 Bxc3 13. bxc3 Qe5 14. f4
Qxe4 15. Qg3 Qf5 16. Bd3 Ne4 17. Bxe4 Qxe4 18. f5 exf5 19. Bh6 Qg4 20. Qd6 Bb7
0-1

[Event "4NCL Division 2c"]
[Site "Hinckley Island ENG"]
[Date "2015.05.04"]
[Round "11.214"]
[White "Horton, Jamie A"]
[Black "Golding, James"]
[Result "1-0"]
[WhiteElo "2170"]
[BlackElo "1907"]
[PlyCount "31"]
[EventDate "2015.05.04"]
[WhiteTeam "3Cs"]
[BlackTeam "Barbican 4NCL Youth"]

1. e4 e5 2. Nf3 Nc6 3. Bc4 Nf6 4. d3 Bc5 5. c3 a6 6. Bb3 Ba7 7. Nbd2 d6 8. h3
h6 9. Nf1 Be6 10. Ng3 O-O 11. Nh2 Qd7 12. Qf3 Rad8 13. Bxh6 Nxe4 14. dxe4 gxh6
15. Qf6 Bxb3 16. Nh5 1-0

[Event "4NCL Division 2c"]
[Site "Hinckley Island ENG"]
[Date "2015.05.04"]
[Round "11.215"]
[White "Wei, Naomi"]
[Black "Walton, Alan J"]
[Result "0-1"]
[WhiteElo "1915"]
[BlackElo "2222"]
[PlyCount "52"]
[EventDate "2015.05.04"]
[WhiteTeam "Barbican 4NCL Youth"]
[BlackTeam "3Cs"]

1. d4 d5 2. c4 c6 3. Nc3 Nf6 4. e3 e6 5. Nf3 Nbd7 6. b3 Be7 7. Bb2 b6 8. Be2
Bb7 9. O-O O-O 10. Rc1 c5 11. Ne5 dxc4 12. Bxc4 a6 13. a4 Qc7 14. Ne2 Nxe5 15.
dxe5 Rfd8 16. Qc2 Ng4 17. Nf4 Nxe5 18. Bxe6 fxe6 19. Nxe6 Qc6 20. f4 Qxe6 21.
Bxe5 Bf6 22. Bxf6 Qxe3+ 23. Kh1 Rd2 24. Qc4+ Bd5 25. Rf3 Qxf3 26. gxf3 Bxc4 0-1

[Event "4NCL Division 2c"]
[Site "Hinckley Island ENG"]
[Date "2015.05.04"]
[Round "11.216"]
[White "Manton, Jacob"]
[Black "Golding, William"]
[Result "0-1"]
[WhiteElo "1990"]
[BlackElo "1525"]
[PlyCount "96"]
[EventDate "2015.05.04"]
[WhiteTeam "3Cs"]
[BlackTeam "Barbican 4NCL Youth"]

1. d4 Nf6 2. c4 e6 3. Nc3 Bb4 4. e3 d5 5. cxd5 Nxd5 6. Bd2 c5 7. Nf3 Qa5 8.
Nxd5 exd5 9. dxc5 Nc6 10. a3 Bxd2+ 11. Qxd2 Qxc5 12. b4 Qd6 13. Rd1 Be6 14. Qb2
O-O 15. b5 Ne7 16. Nd4 Rfd8 17. Be2 Rac8 18. O-O Nf5 19. Bf3 Qe5 20. Qb4 Nh4
21. Rc1 Qg5 22. Kh1 Bg4 23. Bxg4 Qxg4 24. g3 Qe4+ 25. f3 Nxf3 26. Rxf3 Rxc1+
27. Kg2 Rdc8 28. Qd6 h6 29. Qd7 R1c2+ 30. Kh3 R2c7 31. Qd6 Qe7 32. Qxd5 Qd7+
33. Qf5 Qxf5+ 34. Nxf5 Rd7 35. Rf4 Rc5 36. a4 g5 37. Rf1 h5 38. Nd4 Rc3 39. Rf5
g4+ 40. Kh4 Rxe3 41. Rg5+ Kf8 42. Nf5 Re4 43. Kxh5 Rxa4 44. Nh6 Ra5 45. Nxg4 a6
46. Nf6 Rd2 47. h4 Rxb5 48. Rxb5 axb5 0-1

[Event "4NCL Division 2c"]
[Site "Hinckley Island ENG"]
[Date "2015.05.04"]
[Round "11.221"]
[White "Lund, Brett"]
[Black "Graham, David B"]
[Result "1-0"]
[WhiteElo "2260"]
[BlackElo "2133"]
[PlyCount "199"]
[EventDate "2015.05.04"]
[WhiteTeam "Spirit of Atticus A"]
[BlackTeam "Sussex Martlets 1"]

1. c4 g6 2. g3 Bg7 3. Bg2 d6 4. Nc3 Nf6 5. e4 Nc6 6. Nge2 Bg4 7. f3 Bd7 8. d3
e5 9. O-O O-O 10. Bg5 h6 11. Be3 Ne7 12. Qd2 Kh7 13. h3 c6 14. d4 Qc7 15. f4
Nfg8 16. dxe5 dxe5 17. f5 Rad8 18. Qe1 Bf6 19. g4 g5 20. Ng3 Bg7 21. Nh5 f6 22.
h4 Be8 23. c5 Bxh5 24. gxh5 Nc8 25. Qe2 Rf7 26. Rfd1 Bf8 27. Rxd8 Qxd8 28. Rd1
Rd7 29. Rxd7+ Qxd7 30. Qc4 Kg7 31. Bf1 b6 32. cxb6 axb6 33. a4 Nge7 34. Be2
gxh4 35. Bd1 Nd6 36. Qe2 Nec8 37. Qg4+ Kh8 38. Bb3 Qg7 39. Qg6 b5 40. a5 b4 41.
Na4 Nxe4 42. Be6 Ncd6 43. a6 Nb5 44. a7 Nxa7 45. Qxg7+ Kxg7 46. Bxa7 Ng3 47.
Bf2 Nxh5 48. Bxh4 Nf4 49. Bc4 h5 50. Kf2 e4 51. Bg3 Bd6 52. Bxf4 Bxf4 53. b3
Kh6 54. Nc5 Kg5 55. Be6 Be5 56. Nxe4+ Kf4 57. Nd2 Bc3 58. Nf3 c5 59. Kg2 Kg4
60. Nh2+ Kf4 61. Kh3 Be1 62. Nf1 Kf3 63. Bf7 Kf4 64. Bxh5 Kxf5 65. Be2 Kf4 66.
Kg2 Ke4 67. Bc4 Kf4 68. Nh2 Ke4 69. Nf3 Bc3 70. Kf2 Kf4 71. Bd5 Bb2 72. Ke2 Bc1
73. Kd3 Be3 74. Kc4 Bf2 75. Bb7 f5 76. Bc6 Be3 77. Bb7 Bf2 78. Ba8 Be3 79. Ne1
Kg3 80. Nd3 f4 81. Ne5 Bd4 82. Nf3 Be3 83. Kd3 Bf2 84. Bd5 Be3 85. Ke2 Bf2 86.
Ng5 Bd4 87. Bf3 Be3 88. Ne4+ Kh3 89. Kd3 Kh2 90. Kc4 Kh3 91. Nd6 Kg3 92. Bd5 f3
93. Ne4+ Kh2 94. Kd3 f2 95. Ke2 Kg1 96. Ng3 Bf4 97. Nf1 Be5 98. Bc4 Bf4 99. Be6
Be5 100. Bh3 1-0

[Event "4NCL Division 2c"]
[Site "Hinckley Island ENG"]
[Date "2015.05.04"]
[Round "11.222"]
[White "Bucher, Grant W"]
[Black "Carleton, John J"]
[Result "0-1"]
[WhiteElo "2132"]
[BlackElo "2251"]
[PlyCount "96"]
[EventDate "2015.05.04"]
[WhiteTeam "Sussex Martlets 1"]
[BlackTeam "Spirit of Atticus A"]

1. e4 c6 2. d4 d5 3. f3 e6 4. Nc3 Nf6 5. e5 Nfd7 6. f4 c5 7. Nce2 cxd4 8. Nxd4
Nc6 9. c3 Nc5 10. Ngf3 Ne4 11. Bd3 Nxd4 12. cxd4 Bb4+ 13. Kf1 Bd7 14. a3 Ba5
15. Qe2 Bb6 16. g3 O-O 17. Be3 f6 18. Kg2 f5 19. h3 Qe8 20. g4 Rc8 21. gxf5
exf5 22. Kh2 Rc6 23. Rac1 Rg6 24. Rhg1 Rxg1 25. Rxg1 Qe6 26. Bb1 Bd8 27. Ba2
Be7 28. Qg2 g6 29. Bf2 Rc8 30. Bh4 Ba4 31. Re1 Bxh4 32. Nxh4 Kh8 33. Nf3 Qa6
34. Bb1 Qb5 35. Ng5 Nxg5 36. fxg5 Re8 37. Qd2 Bb3 38. Rc1 Bc4 39. Kg3 a5 40.
Kf4 Re6 41. Rh1 Rb6 {(=)} 42. Rh2 Qa6 43. h4 Rb3 44. h5 Kg7 45. hxg6 hxg6 46.
Rh6 Be2 47. Rxg6+ Kxg6 48. Bxf5+ Kg7 0-1

[Event "4NCL Division 2c"]
[Site "Hinckley Island ENG"]
[Date "2015.05.04"]
[Round "11.223"]
[White "Ivell, Nicholas"]
[Black "Cumming, Rhys"]
[Result "1/2-1/2"]
[WhiteElo "2236"]
[BlackElo "2130"]
[PlyCount "62"]
[EventDate "2015.05.04"]
[WhiteTeam "Spirit of Atticus A"]
[BlackTeam "Sussex Martlets 1"]

1. e4 c5 2. Nc3 Nc6 3. g3 g6 4. Bg2 Bg7 5. f4 d6 6. d3 e5 7. Nh3 exf4 8. Bxf4
Nge7 9. O-O O-O 10. Qd2 Rb8 11. Bh6 b5 12. Bxg7 Kxg7 13. a3 a5 14. Nf4 b4 15.
axb4 axb4 16. Ncd5 Nxd5 17. Nxd5 Ne7 18. Nxe7 Qxe7 19. c3 bxc3 20. bxc3 Be6 21.
d4 Rb3 22. Rfb1 Rfb8 23. Rxb3 Rxb3 24. Re1 cxd4 25. cxd4 Qa7 26. Kh1 Bc4 27. d5
Rd3 28. Qf4 Qd4 29. Rf1 f5 30. Qxd6 Rd1 31. Qe7+ Kg8 1/2-1/2

[Event "4NCL Division 2c"]
[Site "Hinckley Island ENG"]
[Date "2015.05.04"]
[Round "11.224"]
[White "Forster, Michael C"]
[Black "Jackson, Sheila"]
[Result "1/2-1/2"]
[WhiteElo "2177"]
[BlackElo "2134"]
[PlyCount "61"]
[EventDate "2015.05.04"]
[WhiteTeam "Sussex Martlets 1"]
[BlackTeam "Spirit of Atticus A"]

1. e4 e5 2. Nf3 Nc6 3. Bc4 Nf6 4. Ng5 d5 5. exd5 Na5 6. Bb5+ c6 7. dxc6 bxc6 8.
Be2 h6 9. Nf3 e4 10. Ne5 Qc7 11. d4 exd3 12. Nxd3 Bd6 13. Nc3 O-O 14. h3 Be6
15. O-O Rad8 16. b3 Rfe8 17. Bb2 Qc8 18. f4 Bc5+ 19. Kh2 Bd4 20. Qe1 Nb7 21.
Na4 Bxb2 22. Naxb2 Nd6 23. Ne5 Nd5 24. Nbc4 Nf5 25. Qf2 f6 26. Nd3 Nc3 27. Bg4
Qc7 28. Rae1 Nd4 29. Bxe6+ Nxe6 30. Kg1 c5 31. Kh1 1/2-1/2

[Event "4NCL Division 2c"]
[Site "Hinckley Island ENG"]
[Date "2015.05.04"]
[Round "11.225"]
[White "Phillips, David A"]
[Black "Grant, David J"]
[Result "0-1"]
[WhiteElo "2162"]
[BlackElo "2098"]
[PlyCount "74"]
[EventDate "2015.05.04"]
[WhiteTeam "Spirit of Atticus A"]
[BlackTeam "Sussex Martlets 1"]

1. e4 c5 2. Nf3 e6 3. d4 cxd4 4. Nxd4 Nf6 5. Nc3 Nc6 6. Ndb5 d6 7. Bf4 e5 8.
Bg5 a6 9. Na3 b5 10. Bxf6 gxf6 11. Nd5 f5 12. Bd3 f4 13. Bxb5 axb5 14. Nxb5 Ra7
15. Nxa7 Qa5+ 16. c3 Qxa7 17. O-O Be7 18. b4 Rg8 19. Qh5 Rg4 20. Qxh7 Ba6 21.
Qh8+ Kd7 22. Nf6+ Bxf6 23. Qxf6 Ne7 24. Rfd1 Qb6 25. Rd2 Rg6 26. Qxe5 f3 27. g3
Be2 28. a4 Nc6 29. Qd5 Ke7 30. a5 Qa6 31. Rxe2 fxe2 32. b5 Qxa5 33. Rxa5 e1=Q+
34. Kg2 Nxa5 35. b6 Rf6 36. b7 Qxf2+ 37. Kh3 Qf3 0-1

[Event "4NCL Division 2c"]
[Site "Hinckley Island ENG"]
[Date "2015.05.04"]
[Round "11.226"]
[White "Lenier, Jude"]
[Black "Ackley, Peter J"]
[Result "1/2-1/2"]
[WhiteElo "2065"]
[BlackElo "2125"]
[PlyCount "34"]
[EventDate "2015.05.04"]
[WhiteTeam "Sussex Martlets 1"]
[BlackTeam "Spirit of Atticus A"]

1. e4 e5 2. Nf3 d6 3. Bc4 Nd7 4. O-O Qf6 5. Nc3 c6 6. a4 h6 7. Re1 g5 8. h3 Ne7
9. d4 Ng6 10. Ne2 Nb6 11. Nd2 exd4 12. a5 Nxc4 13. Nxc4 Be6 14. Ra4 c5 15. c3
Ne5 16. cxd4 Nxc4 17. Rxc4 Bg7 1/2-1/2

[Event "4NCL Division 2c"]
[Site "Hinckley Island ENG"]
[Date "2015.05.04"]
[Round "11.227"]
[White "Robertson, David J"]
[Black "Brewer, Callum D"]
[Result "1-0"]
[WhiteElo "2095"]
[BlackElo "1915"]
[PlyCount "83"]
[EventDate "2015.05.04"]
[WhiteTeam "Spirit of Atticus A"]
[BlackTeam "Sussex Martlets 1"]

1. e4 c6 2. d4 d5 3. e5 Bf5 4. Nf3 e6 5. Be2 Nd7 6. O-O h6 7. Be3 Ne7 8. Nbd2
g5 9. Rc1 Bg6 10. c4 Nf5 11. Qb3 Qb6 12. cxd5 exd5 13. Bd1 Bg7 14. Qa3 g4 15.
Ne1 h5 16. Nc2 Nf8 17. Qc3 Ne6 18. Nb3 a5 19. a4 Nxe3 20. Nxe3 Bf8 21. Nc2 Bb4
22. Nxb4 axb4 23. Qe3 Rxa4 24. Nc5 Ra8 25. f4 Bf5 26. Bc2 Bxc2 27. Nxe6 fxe6
28. Rxc2 Qc7 29. f5 exf5 30. Qg5 Qf7 31. Rcf2 Rf8 32. Rxf5 Qxf5 33. Rxf5 Ra1+
34. Kf2 Rxf5+ 35. Qxf5 Ra2 36. Qxh5+ Kd8 37. Qg5+ Ke8 38. Qg8+ Kd7 39. e6+ Kc7
40. e7 Rxb2+ 41. Kg3 Re2 42. Qd8# 1-0

[Event "4NCL Division 2c"]
[Site "Hinckley Island ENG"]
[Date "2015.05.04"]
[Round "11.228"]
[White "Graham, William M"]
[Black "Latham, David"]
[Result "0-1"]
[WhiteElo "1845"]
[BlackElo "2074"]
[PlyCount "62"]
[EventDate "2015.05.04"]
[WhiteTeam "Sussex Martlets 1"]
[BlackTeam "Spirit of Atticus A"]

1. e4 c6 2. d3 d5 3. Nd2 e5 4. g3 Nf6 5. Bg2 Bd6 6. Ngf3 O-O 7. O-O Nbd7 8. Qe2
Re8 9. h4 Nc5 10. Nh2 h5 11. Bf3 g6 12. Kh1 Be6 13. Rg1 Qd7 14. Nb3 dxe4 15.
dxe4 Nfxe4 16. g4 hxg4 17. Nxg4 Bxg4 18. Bxg4 Qe7 19. h5 Qh4+ 20. Kg2 Nxf2 21.
Qxf2 Qxg4+ 22. Kf1 Qh3+ 23. Ke1 Ne4 24. Qe2 Qh4+ 25. Kd1 Nf2+ 26. Kd2 e4 27.
Nd4 e3+ 28. Kc3 Be5 29. Qxe3 c5 30. Kb3 Bxd4 31. Qh6 Bg7 0-1

[Event "4NCL Division 2c"]
[Site "Hinckley Island ENG"]
[Date "2015.05.04"]
[Round "11.231"]
[White "Gantner, Matthias"]
[Black "Lee, Richard WY"]
[Result "1-0"]
[WhiteElo "2282"]
[BlackElo "2159"]
[PlyCount "57"]
[EventDate "2015.05.04"]
[WhiteTeam "White Rose 2"]
[BlackTeam "Cambridge University 2"]

1. e4 c5 2. Nf3 e6 3. d4 cxd4 4. Nxd4 Nf6 5. Nc3 d6 6. g4 Be7 7. g5 Nfd7 8. h4
Nc6 9. Be3 a6 10. Qf3 Qc7 11. Nxc6 bxc6 12. O-O-O O-O 13. Qg3 Rb8 14. h5 Qb7
15. b3 Qb4 16. Bd2 Nc5 17. Kb1 Nxe4 18. Nxe4 Qxe4 19. Bd3 Qd4 20. Bc3 Qc5 21.
Bf6 Qa7 22. Bxh7+ Kxh7 23. g6+ Kg8 24. Bxg7 Qc5 25. gxf7+ Rxf7 26. Bh6+ Kh8 27.
Rhg1 Bd7 28. Bg7+ Kg8 29. Bf6+ 1-0

[Event "4NCL Division 2c"]
[Site "Hinckley Island ENG"]
[Date "2015.05.04"]
[Round "11.232"]
[White "Beckett, Chris J"]
[Black "Adams, David"]
[Result "1/2-1/2"]
[WhiteElo "2169"]
[BlackElo "2220"]
[PlyCount "54"]
[EventDate "2015.05.04"]
[WhiteTeam "Cambridge University 2"]
[BlackTeam "White Rose 2"]

1. d4 d5 2. c4 c6 3. e3 Nf6 4. Nc3 e6 5. Nf3 Nbd7 6. Qc2 Bd6 7. b3 O-O 8. Be2
a6 9. O-O Qe7 10. Re1 e5 11. Bb2 e4 12. Nd2 b5 13. c5 Bc7 14. f3 b4 15. Na4 Re8
16. a3 a5 17. axb4 axb4 18. f4 Nf8 19. Nf1 h5 20. Qd1 h4 21. Bc1 g5 22. g3 Ne6
23. f5 Nf8 24. g4 Ba6 25. Bxa6 Rxa6 26. Bd2 Rb8 27. Qe2 Ra7 1/2-1/2

[Event "4NCL Division 2c"]
[Site "Hinckley Island ENG"]
[Date "2015.05.04"]
[Round "11.233"]
[White "Weller, Jean-Luc"]
[Black "Bamber, Elaine"]
[Result "1-0"]
[WhiteElo "2233"]
[BlackElo "2071"]
[PlyCount "109"]
[EventDate "2015.05.04"]
[WhiteTeam "White Rose 2"]
[BlackTeam "Cambridge University 2"]

1. d4 d5 2. c4 c6 3. Nf3 Nf6 4. e3 e6 5. Bd3 Nbd7 6. Nbd2 Bd6 7. b3 O-O 8. Bb2
b6 9. O-O Bb7 10. cxd5 exd5 11. Ne5 c5 12. f4 cxd4 13. exd4 Ne4 14. Nxe4 dxe4
15. Bc4 Nf6 16. Qe2 Qe7 17. Rac1 Rac8 18. Rc3 Nd5 19. Rh3 Nf6 20. f5 Rc7 21.
Qe1 b5 22. Bxb5 Rc2 23. Qb1 Rxb2 24. Qxb2 Bxe5 25. dxe5 Ng4 26. Qe2 Qc5+ 27.
Kh1 Qxe5 28. Qxg4 Qxb5 29. Re1 Qa5 30. Rhe3 f6 31. a4 Rd8 32. h3 Qb4 33. Rc1
Qd6 34. Qg3 Qxg3 35. Rxg3 Rd7 36. Rgc3 Kf7 37. Rc7 Ke7 38. Kg1 Bd5 39. b4 Bb3
40. Rxd7+ Kxd7 41. a5 a6 42. Kf2 g6 43. g4 Kd6 44. Ke3 gxf5 45. gxf5 Bd5 46.
Kd4 Bb7 47. Rg1 h5 48. Rg6 e3 49. Rxf6+ Ke7 50. Re6+ Kf7 51. Kxe3 Bc8 52. Re5
Kf6 53. Kf4 Bd7 54. Rd5 Bb5 55. Rxb5 1-0

[Event "4NCL Division 2c"]
[Site "Hinckley Island ENG"]
[Date "2015.05.04"]
[Round "11.234"]
[White "Gordon-Brown, Alexander J"]
[Black "Shaw, Peter"]
[Result "0-1"]
[WhiteElo "2085"]
[BlackElo "2160"]
[PlyCount "86"]
[EventDate "2015.05.04"]
[WhiteTeam "Cambridge University 2"]
[BlackTeam "White Rose 2"]

1. d4 d6 2. c4 e5 3. Nf3 e4 4. Nfd2 f5 5. e3 Nf6 6. Nc3 Be7 7. Be2 O-O 8. O-O
Na6 9. a3 c6 10. b4 Nc7 11. Nb3 Be6 12. Na5 Rb8 13. Rb1 Qe8 14. Bd2 Kh8 15. Qa4
a6 16. b5 axb5 17. cxb5 c5 18. dxc5 dxc5 19. Qc2 Qf7 20. Na4 Nd7 21. Nc4 Bf6
22. Ba5 Nd5 23. Rfd1 b6 24. Rxd5 Bxd5 25. Naxb6 Nxb6 26. Nxb6 Be6 27. Qxc5 Qa7
28. Bb4 Rfd8 29. Nc4 Qxc5 30. Bxc5 Bxc4 31. Bxc4 Rbc8 32. Bb6 Rd6 33. Bc7 Rxc7
34. b6 Rb7 35. Rc1 Rdxb6 36. Bb5 g6 37. a4 Be5 38. g4 Rc7 39. Rb1 Rc5 40. g5
Kg7 41. Rd1 Rd6 42. Rb1 Rc2 43. a5 Rb2 0-1

[Event "4NCL Division 2c"]
[Site "Hinckley Island ENG"]
[Date "2015.05.04"]
[Round "11.235"]
[White "Gayson, Peter"]
[Black "Gooding, Ian"]
[Result "0-1"]
[WhiteElo "2168"]
[BlackElo "2027"]
[PlyCount "112"]
[EventDate "2015.05.04"]
[WhiteTeam "White Rose 2"]
[BlackTeam "Cambridge University 2"]

1. e4 e6 2. d4 d5 3. Nd2 Be7 4. Ngf3 Nf6 5. Bd3 c5 6. exd5 exd5 7. c3 O-O 8.
O-O Bg4 9. h3 Bh5 10. dxc5 Bxc5 11. Nb3 Bb6 12. Bg5 Nc6 13. Be2 Re8 14. Nfd4
Bxe2 15. Nxe2 h6 16. Bh4 Qd6 17. Rc1 Ne4 18. Nbd4 Nxd4 19. Nxd4 Qf4 20. g3 Qd2
21. Qxd2 Nxd2 22. Rfd1 Ne4 23. f3 Nd6 24. g4 Re2 25. Rb1 Nc4 26. Bf2 Rxb2 27.
Rxb2 Nxb2 28. Re1 Nd3 29. Re7 Nxf2 30. Kxf2 Rc8 31. Kg3 Rxc3 32. Nb5 Rc5 33. a4
a6 34. Rxb7 axb5 35. Rxb6 bxa4 36. Ra6 Rc4 37. Ra5 d4 38. Kf4 g6 39. Ke4 Rb4
40. h4 Kg7 41. Ra6 h5 42. gxh5 gxh5 43. Ra5 Kg6 44. Rg5+ Kh6 45. Ra5 d3+ 46.
Kxd3 Rxh4 47. Ke3 Kg6 48. f4 a3 49. Ke4 Rh3 50. Rg5+ Kh6 51. Ra5 h4 52. Ra6+
Kg7 53. f5 Rb3 54. Ke5 h3 55. Ra4 Rb5+ 56. Kf4 h2 0-1

[Event "4NCL Division 2c"]
[Site "Hinckley Island ENG"]
[Date "2015.05.04"]
[Round "11.236"]
[White "Somerfield, Adrian P"]
[Black "Burnett, Jim"]
[Result "1/2-1/2"]
[WhiteElo "2080"]
[BlackElo "2121"]
[PlyCount "57"]
[EventDate "2015.05.04"]
[WhiteTeam "Cambridge University 2"]
[BlackTeam "White Rose 2"]

1. d4 d5 2. Nf3 e6 3. e3 Nf6 4. Bd3 c5 5. c3 Be7 6. Nbd2 O-O 7. O-O b6 8. e4
Ba6 9. Bxa6 Nxa6 10. e5 Nd7 11. Re1 b5 12. a3 Nb6 13. b4 cxb4 14. cxb4 Nb8 15.
Nb3 Nc6 16. Qe2 Nc4 17. Nc5 Qc7 18. Bd2 a5 19. Bc3 Ra7 20. Reb1 axb4 21. axb4
Rfa8 22. Qf1 Ra2 23. Qc1 R8a3 24. Rxa2 Rxa2 25. h4 Qa7 26. Qd1 h6 27. h5 Ra3
28. Qc1 Qa8 29. Qe1 1/2-1/2

[Event "4NCL Division 2c"]
[Site "Hinckley Island ENG"]
[Date "2015.05.04"]
[Round "11.237"]
[White "Lewyk, Ihor"]
[Black "Chan, Nevil"]
[Result "1/2-1/2"]
[WhiteElo "2054"]
[BlackElo "2030"]
[PlyCount "32"]
[EventDate "2015.05.04"]
[WhiteTeam "White Rose 2"]
[BlackTeam "Cambridge University 2"]

1. Nf3 Nc6 2. d4 d5 3. e3 Bg4 4. Be2 e6 5. O-O Nf6 6. Nbd2 Bd6 7. c4 O-O 8. a3
Nb8 9. c5 Be7 10. Ne5 Bxe2 11. Qxe2 c6 12. b4 Nbd7 13. f4 Ne4 14. Nxe4 dxe4 15.
Qc2 Nxe5 16. dxe5 Qd5 1/2-1/2

[Event "4NCL Division 2c"]
[Site "Hinckley Island ENG"]
[Date "2015.05.04"]
[Round "11.238"]
[White "Campbell, Mark C"]
[Black "Slade, Theo"]
[Result "0-1"]
[WhiteElo "1955"]
[BlackElo "2035"]
[PlyCount "60"]
[EventDate "2015.05.04"]
[WhiteTeam "Cambridge University 2"]
[BlackTeam "White Rose 2"]

1. e4 c5 2. Nf3 g6 3. d4 cxd4 4. Qxd4 Nf6 5. Bg5 Nc6 6. Qe3 Bg7 7. Nc3 Qa5 8.
h3 Nxe4 9. Qxe4 Bxc3+ 10. Bd2 Bxd2+ 11. Nxd2 d5 12. Qe3 d4 13. Qb3 O-O 14.
O-O-O Be6 15. Bc4 Bxc4 16. Qxc4 Rfc8 17. a3 b5 18. Qc5 b4 19. Qxa5 Nxa5 20.
axb4 Nc6 21. Nf3 Nxb4 22. Rd2 d3 23. c3 Rab8 24. Kb1 Na6 25. Ka2 Nc5 26. Re1
Rc6 27. Rxe7 Ra6+ 28. Kb1 Nb3 29. Rxd3 Ra1+ 30. Kc2 Rc1# 0-1

[Event "4NCL Division 2c"]
[Site "Hinckley Island ENG"]
[Date "2015.05.04"]
[Round "11.241"]
[White "Willis, Rupert"]
[Black "Martin, Andrew"]
[Result "0-1"]
[WhiteElo "2140"]
[BlackElo "2377"]
[PlyCount "70"]
[EventDate "2015.05.04"]
[WhiteTeam "Grantham Sharks 2"]
[BlackTeam "Guildford 3"]

1. c4 g6 2. Nc3 Bg7 3. g3 d6 4. Bg2 e5 5. e4 Nc6 6. Nge2 Be6 7. d3 Qd7 8. Nd5
Nd8 9. O-O c6 10. Ne3 Bh3 11. Bxh3 Qxh3 12. f4 exf4 13. Nxf4 Qd7 14. Nc2 Nf6
15. Bd2 O-O 16. Bc3 Ne8 17. d4 Ne6 18. Nd3 Ng5 19. Nf2 Nf6 20. Qd3 Rfe8 21.
Rae1 Ng4 22. Nd1 Qe7 23. Bd2 Nxe4 24. Rf4 f5 25. Rxg4 fxg4 26. Nc3 d5 27. cxd5
cxd5 28. Nxd5 Qf7 29. Rxe4 Qxd5 30. Rxg4 Qxa2 31. Bc3 Qe6 32. Rg5 Qe2 33. Qxe2
Rxe2 34. Nb4 Rf8 35. Na2 Bh6 0-1

[Event "4NCL Division 2c"]
[Site "Hinckley Island ENG"]
[Date "2015.05.04"]
[Round "11.242"]
[White "Wall, Gavin"]
[Black "Varnam, Liam D"]
[Result "1-0"]
[WhiteElo "2323"]
[BlackElo "2170"]
[PlyCount "71"]
[EventDate "2015.05.04"]
[WhiteTeam "Guildford 3"]
[BlackTeam "Grantham Sharks 2"]

1. e4 e5 2. Nf3 Nc6 3. Bc4 Nf6 4. d3 Be7 5. O-O O-O 6. Re1 d6 7. a4 Na5 8. Ba2
c5 9. c3 Nc6 10. Na3 Ne8 11. Nc2 Bf6 12. b4 cxb4 13. cxb4 Be6 14. b5 Ne7 15. d4
Ng6 16. Bxe6 fxe6 17. d5 Nc7 18. dxe6 Qe7 19. Ra3 Qxe6 20. Rd3 Rfd8 21. Nb4 h6
22. Be3 b6 23. Qd2 Rd7 24. Rc1 Be7 25. Ne1 Nf4 26. Bxf4 exf4 27. f3 Bf6 28. Rc6
Be5 29. Nec2 Qf7 30. Na3 Ne8 31. Nc4 Rc7 32. Rxc7 Qxc7 33. Nc6 a6 34. N4xe5
axb5 35. axb5 dxe5 36. Rd7 1-0

[Event "4NCL Division 2c"]
[Site "Hinckley Island ENG"]
[Date "2015.05.04"]
[Round "11.243"]
[White "Kafka, Graeme"]
[Black "Povah, Nigel"]
[Result "0-1"]
[WhiteElo "2041"]
[BlackElo "2299"]
[PlyCount "71"]
[EventDate "2015.05.04"]
[WhiteTeam "Grantham Sharks 2"]
[BlackTeam "Guildford 3"]

1. e4 c5 2. Nf3 Nc6 3. d4 cxd4 4. Nxd4 Nf6 5. Nc3 e6 6. Ndb5 d6 7. Bf4 e5 8.
Bg5 a6 9. Na3 b5 10. Bxf6 gxf6 11. Nd5 f5 12. Bd3 Be6 13. c3 Bxd5 14. exd5 Ne7
15. Nc2 Bg7 16. O-O e4 17. Be2 f4 18. f3 e3 19. a4 bxa4 20. Rxa4 Ng6 21. Qd3
O-O 22. Rxa6 Rb8 23. b4 Qg5 24. Rb1 Nh4 25. Ne1 Kh8 26. Ra7 Be5 27. Bf1 Qf6 28.
Rc7 Rg8 29. Ra1 Rg7 30. Ra6 Rbg8 31. Rac6 Nf5 32. Rc8 Ne7 33. Rxg8+ Rxg8 34.
Rc7 Qh4 35. Nc2 Rg6 36. Qa6 0-1

[Event "4NCL Division 2c"]
[Site "Hinckley Island ENG"]
[Date "2015.05.04"]
[Round "11.244"]
[White "Granat, Russell"]
[Black "Batchelor, Guy J"]
[Result "1-0"]
[WhiteElo "2189"]
[BlackElo "2080"]
[PlyCount "83"]
[EventDate "2015.05.04"]
[WhiteTeam "Guildford 3"]
[BlackTeam "Grantham Sharks 2"]

1. e4 c5 2. Nf3 Nc6 3. c3 Nf6 4. e5 Nd5 5. d4 cxd4 6. cxd4 e6 7. Nc3 d6 8. Bb5
Nxc3 9. bxc3 Qa5 10. Qb3 a6 11. Bxc6+ bxc6 12. O-O d5 13. Bd2 Be7 14. Rfb1 O-O
15. c4 dxc4 16. Bxa5 cxb3 17. Rxb3 c5 18. Rc1 cxd4 19. Nxd4 Re8 20. Nc6 Bg5 21.
Rd1 f6 22. Bd8 Kf7 23. g3 Bh6 24. h4 f5 25. Bg5 Bxg5 26. hxg5 Kg6 27. f4 Kf7
28. Kf2 Rh8 29. g4 g6 30. Rd6 fxg4 31. Rb6 h5 32. gxh6 Rxh6 33. Nd8+ Ke7 34.
Nxe6 Rh2+ 35. Kg3 Rxa2 36. Nd4 Ra3+ 37. Kh4 g5+ 38. Kxg5 Bd7 39. f5 Rg8+ 40.
Kf4 Rc3 41. f6+ Ke8 42. e6 1-0